[Event "St Petersburg Blitz 2023"]
[Site "St Petersburg"]
[Date "2023.08.25"]
[Round "2"]
[White "Vekerchuk, Maxim"]
[Black "Ponkratov, Pavel"]
[Result "0-1"]
[WhiteElo "2061"]
[BlackElo "2595"]
[PlyCount "110"]
[EventDate "2023.08.25"]
[EventType "game (blitz)"]
[EventRounds "11"]
[EventCountry "RUS"]
[SourceTitle "EXT 2024"]
[Source "ChessBase"]
[SourceDate "2023.10.10"]
[SourceVersion "1"]
[SourceVersionDate "2023.10.10"]
[SourceQuality "1"]

1. d4 Nf6 2. Nf3 e6 3. Bf4 c5 4. c3 Nc6 5. e3 Nh5 6. Bg3 Nxg3 7. hxg3 d5 8. Nbd2 Bd6 9. Bd3 h6 10. Qe2 Qb6 11. dxc5 Bxc5 12. Nb3 Be7 13. e4 0-0 14. 0-0 dxe4 15. Qxe4 f5 16. Qe2 Bf6 17. Rfe1 e5 18. Qe3 Qc7 19. Bc4+ Kh7 20. Qe2 e4 21. Nfd4 Re8 22. Nb5 Qe7 23. Rad1 Be5 24. Qh5 a6 25. N5d4 Nxd4 26. Nxd4 g6 27. Qh4 Bf6 28. Qf4 Bg5 29. Nxf5 Bxf5 30. Qd6 Qxd6 31. Rxd6 Rad8 32. Red1 Rxd6 33. Rxd6 Rd8 34. Rb6 Bc8 35. Bf7 e3 36. Bxg6+ Kg7 37. Bh5 Rd2 38. f4 Be7 39. Rg6+ Kh7 40. f5 e2 41. Kf2 Bxf5 42. Rb6 Bc5+ 43. Ke1 Bxb6 44. Kxd2 Be4 45. Bxe2 Bxg2 46. c4 Bc7 47. b4 Bxg3 48. Ke3 Kg6 49. a4 h5 50. c5 h4 51. Bd3+ Kg5 52. b5 axb5 53. axb5 h3 54. c6 bxc6 55. bxc6 h2 0-1

[Event "Moscow VAO 11-A"]
[Site "Moscow"]
[Date "2014.11.??"]
[Round "4"]
[White "Alikulov, Elbek"]
[Black "Vekerchuk, Maxim"]
[Result "1-0"]
[WhiteElo "2289"]
[BlackElo "2153"]
[PlyCount "93"]
[EventDate "2014.11.06"]
[EventType "tourn"]
[EventRounds "9"]
[EventCountry "RUS"]
[SourceTitle "EXT 2018"]
[Source "ChessBase"]
[SourceDate "2017.10.13"]
[SourceVersion "1"]
[SourceVersionDate "2017.10.13"]
[SourceQuality "1"]

1. e4 c6 2. Nc3 d5 3. Nf3 Bg4 4. h3 Bxf3 5. gxf3 e6 6. d4 Ne7 7. Qd3 g6 8. Be3 Bg7 9. 0-0-0 Nd7 10. h4 h5 11. Kb1 Qa5 12. Bg5 Bf6 13. Bd2 Qb6 14. Ne2 0-0-0 15. Qa3 Rde8 16. Bb4 Ng8 17. Ba5 Qa6 18. Nc3 b5 19. Nxb5 cxb5 20. Qc3+ Kb8 21. Qc7+ Ka8 22. Qxd7 Ne7 23. Qxb5 Qc6 24. Be2 Rb8 25. Qxc6+ Nxc6 26. Bc3 Rhd8 27. e5 Be7 28. b3 Rb6 29. Bb2 Rc8 30. f4 Kb8 31. Rh3 a5 32. a4 Bb4 33. c3 Be7 34. Ka2 Rc7 35. Rc1 Rcb7 36. Bb5 Na7 37. c4 Nxb5 38. cxb5 Bb4 39. Ba3 Rc7 40. Rxc7 Kxc7 41. Bxb4 axb4 42. Rh1 Kd7 43. Rc1 Rb8 44. Rc5 Rc8 45. Kb2 Ra8 46. b6 Rc8 47. a5 1-0

[Event "Moscow op U26"]
[Site "Moscow"]
[Date "2012.01.29"]
[Round "2"]
[White "Shalin, Alexey"]
[Black "Vekerchuk, Maxim"]
[Result "1-0"]
[WhiteElo "1938"]
[BlackElo "2051"]
[PlyCount "73"]
[EventDate "2012.01.28"]
[EventType "swiss"]
[EventRounds "9"]
[EventCountry "RUS"]
[SourceTitle "EXT 2013"]
[Source "ChessBase"]
[SourceDate "2012.11.22"]
[SourceVersion "1"]
[SourceVersionDate "2012.11.22"]
[SourceQuality "1"]

1. e4 c6 2. d4 d5 3. f3 dxe4 4. fxe4 e5 5. Nf3 exd4 6. Bc4 Qe7 7. 0-0 h6 8. Bxf7+ Kd8 9. Nxd4 Bd7 10. e5 Kc8 11. e6 Be8 12. Nf5 Qc5+ 13. Be3 Qe5 14. Bd4 Bc5 15. Bxe8 Nf6 16. Bd7+ Nbxd7 17. exd7+ Kc7 18. Kh1 Bxd4 19. Qxd4 Qxd4 20. Nxd4 Kxd7 21. Nc3 Kc7 22. Ne6+ Kb6 23. Nxg7 Ng4 24. Nf5 h5 25. h3 Ne5 26. Rae1 Nc4 27. b3 Na3 28. Na4+ Ka6 29. c3 Rad8 30. Nd4 Rd5 31. Re7 c5 32. Rf6+ b6 33. Nc6 Ra8 34. c4 Rd1+ 35. Kh2 Rd2 36. Rff7 Nb5 37. Nc3 1-0

[Event "Moscow op U26"]
[Site "Moscow"]
[Date "2012.01.28"]
[Round "1"]
[White "Vekerchuk, Maxim"]
[Black "Kryakvin, Dmitry"]
[Result "0-1"]
[WhiteElo "2051"]
[BlackElo "2566"]
[PlyCount "78"]
[EventDate "2012.01.28"]
[EventType "swiss"]
[EventRounds "9"]
[EventCountry "RUS"]
[SourceTitle "EXT 2013"]
[Source "ChessBase"]
[SourceDate "2012.11.22"]
[SourceVersion "1"]
[SourceVersionDate "2012.11.22"]
[SourceQuality "1"]

1. d4 Nf6 2. Nf3 e6 3. g3 b6 4. Bg2 Bb7 5. 0-0 Be7 6. Re1 0-0 7. Nbd2 c5 8. c3 d5 9. Ne5 Nc6 10. Ndc4 Nd7 11. Nxc6 Bxc6 12. Bf4 f6 13. a4 a6 14. g4 b5 15. axb5 axb5 16. Ne3 Qb6 17. Qd2 Qb7 18. b3 b4 19. Nc2 e5 20. dxe5 fxe5 21. Bg3 bxc3 22. Qxc3 e4 23. Rxa8 Rxa8 24. Ne3 Bf6 25. Qc2 g6 26. h4 Bd4 27. Nf1 Bb5 28. Kh2 Rf8 29. f3 Ne5 30. Qd1 Qf7 31. Nd2 exf3 32. Bxf3 Qe6 33. Bxe5 Qxe5+ 34. Kg2 Kh8 35. Rh1 Re8 36. e4 Qf4 37. exd5 Be2 38. Bxe2 Qf2+ 39. Kh3 Rxe2 0-1